000 00875nam a22002297a 4500
003 UA-OsUOA
001 33725
007 ta
008 20050908b un ||||| |||| 00| 0 ukr d
100 _aКрисаченко В.С.
090 _a23(477)(091)
_bК82
942 _cBK
040 _aUA-OsUOA
_bukr
_cUA-OsUOA
_dUA-OsUOA
245 _aУкраїна на сторінках Святого Письма та витяги з першоджерел, що засвідчують процес поширення християнства на теренах України від апастола Андрія до князя Володимира
_bНауково-довідкове видання
300 _a485 с.
955 _a1
041 _aukr
080 _a23(477)(091)
020 _a966-00-0180-0
260 _aК.
_bНаукова думка
_c2000
650 7 _2UDC
999 _c320175
_d320175